Rails that climb : a narrative history of the Moffat Road /

Bibliographic Details
Main Author: Bollinger, Edward Taylor, 1907-
Other Authors: Jones, William C., 1937-
Format: Book
Language:English
Published: Golden : Colorado Railroad Museum, [1979]
Edition:[New ed.].
Subjects:

MARC

Tag First Indicator Second Indicator Subfields
LEADER 00000pam a2200000 a 4500
001 in00000088378
005 20151008063152.0
008 790329s1979 couab b 00110bengm
010 |a  79014634  
020 |a 0918654297 :  |c $24.95 
035 |a (OCoLC)04883402 
035 |9 AAK1721AM 
040 |a DLC  |c DLC  |d m.c.  |d TXA  |d UtOrBLW 
043 |a n-us-co 
049 |a TXAM  |c [802484] 
050 0 0 |a HE2791  |b  D4432 1979 
082 0 |a 385/.09788 
100 1 |a Bollinger, Edward Taylor,  |d 1907- 
245 1 0 |a Rails that climb :  |b a narrative history of the Moffat Road /  |c  by Edward T. Bollinger ; edited by William C. Jones ; indexed by A. D. Mastrogiuseppe. 
250 |a [New ed.]. 
264 1 |a Golden :  |b Colorado Railroad Museum,  |c [1979] 
264 4 |c ©1979 
300 |a vii, 323 pages :  |b illustrations (some color), maps ;  |c 29 cm. + 2 timetables + map. 
336 |a text  |b txt  |2 rdacontent 
337 |a unmediated  |b n  |2 rdamedia 
338 |a volume  |b nc  |2 rdacarrier 
500 |a Illustrations on lining papers. 
500 |a Time tables and map in pocket. 
500 |a Errata slip tipped in. 
500 |a Includes index. 
504 |a Bibliography: page [324]. 
600 1 0 |a Moffat, David H.  |q (David Halliday),  |d 1839-1911. 
610 2 0 |a Denver and Salt Lake Railroad Company  |x History. 
650 0 |a Capitalists and financiers  |z United States  |v Biography. 
700 1 |a Jones, William C.,  |d 1937- 
999 |a MARS 
999 f f |s 1d744591-d76a-3d15-9c8f-4654a1957c03  |i 0e0d91af-bc7d-33c5-9ac7-81e9fe1aae44  |t 0 
952 f f |p ric  |a Texas A&M University  |b Rellis Campus  |c Joint Library Facility  |d Remote Storage  |t 0  |e HE2791 D4432 1979  |h Library of Congress classification  |i unmediated -- volume  |m A14805922563 
998 f f |a HE2791 D4432 1979  |t 0  |l Remote Storage